000 00606nam a22001817a 4500
003 OSt
005 20260305081956.0
008 260112b |||||||| |||| 00| 0 eng d
020 _a9789710550128
040 _aDWCL-Main Lib
_cOC
082 _aRes. 005.3 M464 2010
100 _aMaximo, Alexander C.
_d [and five others].
245 _aOffice productivity
260 _aQuezon City,
_bPhilippines :
_cTrademark of TechFactors, c2010.
300 _avi, 146 pages :
_bcolor illustrations ;
_c26 cm
650 _aTagalog-Filipino-vocabulary-secondary student.
942 _2ddc
_cBK-0 CIRC
_e4th edition.
_n0
_kRes.
999 _c7301
_d7301